L'Ombra persisteix fulgent / Jesús Bolinaga ; fotografies: Luis Camargo Luis Camargo
Descripción Física:
[88] p. : principalment il. ; 8 cm
MARC
| LEADER | 00000nam a2200000Ia 4500 | ||
|---|---|---|---|
| 001 | 19846 | ||
| 008 | 160829s2005 xx 000 0 cat d | ||
| 080 | |a FU-3-46 | ||
| 100 | |a Bolinaga, Jesús |9 43797 | ||
| 245 | |a L'Ombra persisteix fulgent / Jesús Bolinaga ; fotografies: |b Luis Camargo | ||
| 260 | |a Ripollet : |b Ajuntament de Ripollet. Patronat Municipal de Cultura i Joventut, |c 2005 | ||
| 300 | |a [88] p. : |b principalment il. ; |c 8 cm | ||
| 590 | |a Exposició produïda pel Patronat Municipal de Cultura i Joventut de Ripollet i la Comissió Ripolletenca d'Activitats Culturals (CRAC). | ||
| 590 | |a Amb el suport de la Diputació de Barcelonna | ||
| 650 | |a Art |x Exposicions |9 43798 | ||
| 650 | |a Bolinaga, Jesús |x Exposicions |9 43799 | ||
| 700 | |a Camargo, Luis G., fot. |9 43800 | ||
| 700 | |a Ripollet. Patronat Municipal de Cultura i Joventut |9 43802 | ||
| 710 | |a Ripollet (Catalunya). |b Ajuntament |9 55414 | ||
| 901 | |a Arxiu | ||
| 942 | |n 1 | ||
| 952 | |0 0 |1 0 |4 0 |6 FU346 |7 1 |9 51627 |a Arxiu |b Arxiu |d 2016-12-01 |l 0 |o FU-3-46 |p 19846 |r 2016-12-01 00:00:00 |w 2016-12-01 |y ARXIU | ||
| 999 | |c 55472 |d 55472 | ||